00788nam a2200217Ia 4500003000400000005001700004008004100021020001800062040001800080041000800098082001800106245004500124250001200169260004500181300002600226650004500252650007600297942003100373999001900404952014700423OSt20240420102217.0210716s2016 xx 000 0 und d a9788126564712 cAIMIT LIBRARY aeng a153.94 bSNAP aExam expert snap admission test cracker. a1st ed. aNew Delhi :bWiley India Pvt Ltd,c2016. a414 p.;bPBc28.7 cm. aAnalytical and logical reasoning9161662 aQuantitative aptitude data interpretation and data sufficiency 9161663 2ddccBKe1st k153.94 SNAP c195686d195686 00102ddc40708MCAaAIMITbAIMITd2017-03-01eKnowledge Worldg399.00l0o153.94 SNAPpMCA15197r2026-05-23 00:00:00v299.25w2021-07-16yBK